Entrepreneurship: Theory, Process, Practice

Gorde:
Xehetasun bibliografikoak
Egile nagusia:  Kuratko, Donald F
Formatua: Sách
Hizkuntza:Undetermined
Argitaratua:  Cengage  2019
Gaiak:
Etiketak: Etiketa erantsi
Etiketarik gabe, Izan zaitez lehena erregistro honi etiketa jartzen!
Thư viện lưu trữ: Trung tâm Thư viện - Trường Đại học Công nghiệp TP. Hồ Chí Minh
LEADER 00495nam a2200157Ia 4500
001 UIH_02665
008 231011s9999 xx 000 0 und d
082 |a  658.421 
100 |a  Kuratko, Donald F 
245 0 |a  Entrepreneurship: Theory, Process, Practice 
245 0 |c  Kuratko, Donald F 
260 |b  Cengage 
260 |c  2019 
650 |a  Entrepreneurship; Kinh doanh;  
927 |a Sách 
980 |a Trung tâm Thư viện - Trường Đại học Công nghiệp TP. Hồ Chí Minh